00507nam a22001577a 4500010001400000020003000014035001700044035001300061037002100074082000800095100002000103245009000123260004200213270007300255300002100328 a1617CH-EN a9788184957280c250.00 pbk aB-645783-811 aB-666183 aDPLbPragati/ven a485 aRoyal, Brandon  aPower grammar:b40 powerful rules for clear and correct writing / cby Brandon Royal  aMumbaibJaico Publishing House c2015 aA-2 Jash Chambers, 7-A Sir Phirozshah Mehta Road, bMumbai e400 001 a225p.c21cm(pbk)